[Event "Wch U20 51st"]
[Site "Athens"]
[Date "2012.08.03"]
[Round "2"]
[White "Rapport, Richard"]
[Black "Wei, Yi"]
[Result "0-1"]
[WhiteElo "2605"]
[BlackElo "2418"]
[PlyCount "70"]
[EventDate "2012.08.02"]
[EventType "swiss"]
[EventRounds "13"]
[EventCountry "GRE"]
[SourceTitle "CBM 149 Extra"]
[Source "ChessBase"]
[SourceDate "2012.08.24"]
[SourceVersion "1"]
[SourceVersionDate "2012.08.24"]
[SourceQuality "1"]

1. d4 Nf6 2. c4 e6 3. Nc3 Bb4 4. e3 O-O 5. Nge2 c6 6. a3 Ba5 7. b4 Bc7 8. Bb2 d5 9. Ng3 Re8 ({RR} 9... Nbd7 10. Rc1 Re8 11. cxd5 exd5 12. Bd3 Nf8 13. b5 Ng4 14. Be2 Qh4 15. Bxg4 Bxg4 16. Qd2 Bxg3 17. fxg3 Qg5 18. O-O Qxe3+ 19. Qxe3 Rxe3 20. bxc6 bxc6 21. Na4 Rc8 22. Nc5 Ne6 23. Rfe1 Rxe1+ 24. Rxe1 {Caruana,F (2828)-Harikrishna,P (2726) Saint Louis 2019 0-1 (33)}) ({RR} 9... Nbd7 10. cxd5 exd5 11. Bd3 Re8 12. O-O Nf8 13. Qd2 h5 14. Rae1 Ng4 15. f4 Qh4 16. h3 Qxg3 17. hxg4 hxg4 18. Qf2 Qxf2+ 19. Kxf2 Ng6 20. b5 Nh4 21. e4 dxe4 22. Bxe4 Bd7 23. bxc6 bxc6 24. d5 {De Blecourt,S (2035)-Hald Falkesgaard,J (2321) Copenhagen DEN 2024 0-1 (35)}) 10. f4 $146 ({RR} 10. Bd3 Nbd7 11. Rc1 e5 12. cxd5 exd4 13. dxc6 bxc6 14. Nce4 dxe3 15. O-O Nxe4 16. Nxe4 Ne5 17. Bxe5 Bxe5 18. fxe3 a5 19. Qf3 Be6 20. Bc4 Bxc4 21. Rxc4 Qd7 22. Nc5 Qd5 23. Re4 axb4 24. axb4 Bd6 {Litchfield,F (2197)-Papasimakopoulos,A (2401) chess.com INT 2023 1-0 (33)}) ({RR} 10. c5 Nbd7 11. Be2 e5 12. dxe5 Nxe5 13. O-O Neg4 14. Qc2 Qe7 15. Rad1 h5 16. Rfe1 Nxh2 17. Nxh5 Nxh5 18. Bxh5 Qh4 19. Be2 Ng4 20. Bxg4 Qh2+ 21. Kf1 Bxg4 {0-1 (21) Kholin,A (2405)-Lobanov,S (2510) Chess.com INT 2021}) 10... b6 11. Be2 dxc4 12. Bxc4 Nd5 13. Qd2 Nd7 14. O-O N7f6 15. Nge2 Bb7 16. e4 Nxc3 17. Nxc3 c5 18. e5 cxd4 19. Nb5 Ne4 20. Qe1 a6 21. Nxd4 b5 22. Bb3 Bb6 23. Rd1 Re7 24. Kh1 Rd7 25. Qe3 Kh8 26. f5 exf5 27. Rxf5 Rc8 28. e6 fxe6 29. Bxe6 Rc2 30. Bxd7 Rxb2 31. Qf4 Nf6 32. Nf3 Qxd7 33. Qb8+ Ng8 34. Rf1 Qxf5 35. Qxb7 Rb1 0-1

[Event "FIDE World Cup"]
[Site "Tbilisi"]
[Date "2017.09.03"]
[Round "1.1"]
[White "Sambuev, Bator"]
[Black "Wei, Yi"]
[Result "1-0"]
[WhiteElo "2529"]
[BlackElo "2748"]
[Annotator "Sagar,Shah"]
[PlyCount "47"]
[EventDate "2017.09.03"]
[EventType "k.o."]
[EventRounds "7"]
[EventCountry "GEO"]
[SourceTitle "CBM 181"]
[Source "ChessBase"]
[SourceDate "2017.11.10"]
[SourceVersion "1"]
[SourceVersionDate "2017.11.10"]
[SourceQuality "1"]
[TimeControl "40/5400+30:1800+30"]

1. Nf3 {[%emt 0:00:00]} Nf6 {[%emt 0:00:20]} 2. c4 {[%emt 0:00:00]} e6 {[%emt 0:00:48]} 3. Nc3 {[%emt 0:00:00]} d5 {[%emt 0:00:16]} 4. d4 {[%emt 0:00:00]} Bb4 {[%emt 0:04:48]} 5. g3 $5 {[%emt 0:01:05] An interesting line against the Ragozin, taking the game into Catalan territory.} O-O {[%emt 0:01:17]} 6. Bg2 {[%emt 0:00:48]} dxc4 {[%emt 0:00:26]} 7. O-O {[%emt 0:00:11]} Nc6 {[%emt 0:00:24]} 8. a3 {[%emt 0:02:31]} Be7 {[%emt 0:05:54] The most critical.} ({I was once preparing this line for White and I remember that if Black took on c3 I would be quite happy with the position.} 8... Bxc3 9. bxc3 Rb8 (9... Na5 10. a4 $44) 10. Bg5 b5 11. e4 h6 12. Bh4 e5 (12... g5 13. Nxg5 $36) 13. Nxe5 Nxe5 14. dxe5 Qxd1 15. Rfxd1 Nd7 16. f4 Re8 17. e6 fxe6 18. e5 Nxe5 19. Bd8 Nd3 20. Bxc7 {1-0 (73) Carlsen,M (2646)-Adams,M (2720) Turin 2006}) 9. e4 {[%emt 0:00:29] This is a typical Catalan pawn sacrifice. White is not interested in recovering his c4 pawn. Instead he just expands in the centre and looks for a kingside attack.} Na5 {[%emt 0:02:46]} 10. Be3 {[%emt 0:02:49] White doesn't really care about the c4 pawn much. He continues with his development.} Rb8 {[%emt 0:19:43]} (10... Ng4 11. Bf4 $13) 11. Qe2 {[%emt 0:06:13]} b5 {[%emt 0:02:16]} 12. Rad1 {[%emt 0:02:20] Solid central play by Sambuev. He gets all his pieces into the game before doing anything concrete.} Bb7 {[%emt 0:06:31]} 13. Ne5 {[%emt 0:07:57]} a6 {[%emt 0:13:59]} 14. g4 $1 {[%emt 0:02:09][%cal Gg4g5,Gf2f4] This was the move that Sambuev was very proud of. He starts to create some pressure on his opponent with the idea of the pawn storm with g5 followed by f4.} Ne8 $146 {[%emt 0:05:49]} (14... Nd7 $5 15. f4 f6 {This was interesting!} 16. Nf3 {with a complex position.} (16. d5 $6 Nxe5 $1 17. fxe5 fxe5 18. dxe6 Bd6 $17)) ({RR} 14... Nd7 15. f4 f6 16. Nf3 Qe8 17. Bh3 Rd8 18. g5 f5 19. d5 Nc5 20. Ne5 Bd6 21. dxe6 Nxe4 22. Nd7 Nxc3 23. bxc3 Qxe6 24. Nxf8 Rxf8 25. Qf2 Nb3 26. Rfe1 Bxa3 27. Bc1 Qc6 28. Bg2 Qxg2+ 29. Qxg2 {Sowray,P (2189)-Badacsonyi,F (2218) England ENG 2025 0-1 (45)}) ({RR} 14... Qc8 15. f4 Nd7 16. g5 c5 17. Nxd7 Qxd7 18. d5 Nb3 19. dxe6 Qxe6 20. f5 Qb6 21. Qg4 Rfd8 22. Ne2 Rxd1 23. Rxd1 Rd8 24. Rf1 Rd3 25. Qf4 Bd6 26. e5 Bxg2 27. Kxg2 Qc6+ 28. Kf2 Bc7 29. Ng1 {Yim,S (2254)-Kambrath,Y (2336) Dallas 2018 0-1 (42)}) 15. d5 {[%emt 0:05:17]} exd5 {[%emt 0:02:10]} (15... Bd6 16. f4 {was also possible.} exd5 17. exd5 Qe7 (17... Nf6 18. g5 Nd7 19. Nc6 $16 {White has a firm grip on the position.}) 18. Nc6 $13) 16. Nxd5 {[%emt 0:02:30]} Nd6 {[%emt 0:07:00]} (16... Bd6 {was a move that had to be considered.} 17. f4 Bxd5 18. exd5 Qe7 19. Qd2 Nb3 20. Qc3 {with a complicated position.}) 17. g5 $5 {[%emt 0:08:48] Once again a powerful move. The idea is to continue with f4.} Bxd5 {[%emt 0:15:42]} (17... Bxg5 $5 18. Bxg5 Qxg5 19. Nd7 Rbe8 20. Nxf8 Bxd5 $13 21. f4 Qf5 $1 22. exf5 Rxe2 23. Rxd5 Kxf8 24. Rc5 Re7 $44 {[%csl Gf5] Black has good compensation for the sacrificed exchange.}) 18. Rxd5 {[%emt 0:01:10]} c6 {[%emt 0:00:45]} 19. Rdd1 $14 {[%emt 0:01:45] The position has settled down and White is better because Black's pieces are awkwardly placed.} Qc7 {[%emt 0:00:08]} ({Taking the pawn with} 19... Bxg5 {doesn't look that good as after} 20. Bc5 Be7 21. Bh3 {[%cal Ge5d7] Threatening d7.} Rb7 22. Bb4 {[%cal Gb4a5,Ge5c6]} c5 23. Bxc5 $16 {White's piece activity plus bishop pair will give him a good advantage.}) 20. Qh5 {[%emt 0:03:46]} g6 $2 {[%emt 0:03:49] It's very rare that Wei Yi makes such huge errors in sharp positions. But if he does, it is usually when he is defending rather than attacking!} (20... Rbd8 $5 21. Ng4 Nb3 22. f4 c3 $13) 21. Qh6 {[%emt 0:07:50]} Nxe4 $2 {[%emt 0:01:31] Snatching the pawn is bad as White has an intermediate move.} (21... Rfd8 {was a better option to bring his bishop to f8 for the king's safety but White still holds all the trumps.} 22. Bf4 Bf8 23. Qh3 Bg7 24. Ng4 $18) 22. Nd7 $1 {[%emt 0:01:48] Full credit to Sambuev for finding flaws in his opponent's calculation.} Nd6 {[%emt 0:00:45]} 23. Bh3 {[%emt 0:00:45] The knight has been stopped from coming to f5. Now f6+ is a big threat.} (23. Nf6+ Bxf6 24. gxf6 Nf5 $17) 23... Rfd8 {[%emt 0:00:18]} 24. Rd4 $1 {[%emt 0:00:58] The idea is just h4 and there is no good way to stop it. Wei Yi had had enough. Sambuev was very close to eliminating Wei Yi in this event. In the end he wasn't able to but he gave the Chinese phenomenon a very tough fight.} (24. Nf6+ Bxf6 25. gxf6 Ne8 {Black is somehow clinging on.}) 1-0

[Event "Danzhou 9th"]
[Site "Danzhou"]
[Date "2018.07.28"]
[Round "2"]
[White "Shankland, Samuel L"]
[Black "Wei, Yi"]
[Result "1/2-1/2"]
[WhiteElo "2727"]
[BlackElo "2729"]
[PlyCount "66"]
[EventDate "2018.07.27"]
[EventType "tourn"]
[EventRounds "7"]
[EventCountry "CHN"]
[EventCategory "20"]
[SourceTitle "CBM 186"]
[Source "ChessBase"]
[SourceDate "2018.09.14"]
[SourceVersion "1"]
[SourceVersionDate "2018.09.14"]
[SourceQuality "1"]

1. d4 Nf6 2. c4 e6 3. Nc3 Bb4 4. Qc2 O-O 5. Bg5 c5 6. dxc5 Na6 7. a3 Bxc3+ 8. Qxc3 Nxc5 9. Bxf6 Qxf6 10. Qxf6 gxf6 11. Rd1 ({RR} 11. e3 b6 12. Nf3 Bb7 13. Rd1 Rfd8 14. Be2 Kf8 15. O-O d5 16. Nd4 Ke7 17. f3 Rac8 18. cxd5 Bxd5 19. Kf2 Nb3 20. e4 Nxd4 21. Rxd4 Bb3 22. Rxd8 Kxd8 23. Bd3 Bc4 24. Rd1 Bxd3 25. Rxd3+ Ke7 {Sarana,A (2689)-Kvaloy,A (2489) chess.com INT 2025 ½-½ (65)}) 11... a5 ({RR} 11... b6 12. e3 Rd8 13. Ne2 Bb7 14. Nf4 Kf8 15. f3 a5 16. e4 a4 17. Kf2 Ke7 18. Be2 Rac8 19. Rc1 Ba6 20. Rc3 Rc7 21. Nd3 Nb3 22. Nb4 Bb7 23. Bd1 Nc5 24. Bc2 Ra8 25. g4 h5 26. h3 {Shankland,S (2725)-Nakamura,H (2749) Chess.com INT 2019 0-1 (49)}) 12. e3 Na4 $146 ({RR} 12... Ra6 13. b4 axb4 14. axb4 Ne4 15. Ne2 f5 16. f3 Nf6 17. Nc3 Ra3 18. Kd2 b6 19. Kc2 Bb7 20. Rd6 b5 21. Kb2 Rfa8 22. Rb6 Bc6 23. Rb8+ Rxb8 24. Kxa3 bxc4 25. Bxc4 d5 26. Bd3 Kf8 27. b5 {Serper,G (2554)-Kaufman,L (2415) Los Angeles 2002 1-0 (47)}) ({RR} 12... a4 13. Ne2 Ra6 14. Nc3 Rb6 {½-½ (14) Serper,G (2601)-Yermolinsky,A (2617) Reno 2004}) 13. b3 Nc5 14. b4 Na4 15. Rc1 b6 16. Ne2 Bb7 17. Nf4 Rfc8 18. Be2 b5 19. c5 axb4 20. axb4 d6 21. Bxb5 dxc5 22. bxc5 Rxc5 23. Rxc5 Nxc5 24. O-O f5 25. h3 Nb3 26. Rd1 Ra1 27. Rxa1 Nxa1 28. Ba4 Be4 29. g4 fxg4 30. hxg4 Bc2 31. Bc6 Nb3 32. Ba4 Na1 33. Bc6 Nb3 1/2-1/2

[Event "CHN-chT"]
[Site "China"]
[Date "2019.04.10"]
[Round "2.4"]
[White "Wang, Yue"]
[Black "Wei, Yi"]
[Result "1/2-1/2"]
[WhiteElo "2684"]
[BlackElo "2728"]
[PlyCount "60"]
[EventDate "2019.04.09"]
[EventType "team-tourn"]
[EventRounds "22"]
[EventCountry "CHN"]
[SourceTitle "CBM 189 Extra"]
[Source "ChessBase"]
[SourceDate "2019.06.03"]
[SourceVersion "1"]
[SourceVersionDate "2019.06.03"]
[SourceQuality "1"]
[WhiteTeam "Tianjin"]
[BlackTeam "Jiangsu"]
[WhiteTeamCountry "CHN"]
[BlackTeamCountry "CHN"]

1. d4 {Quintiliano,Renato} Nf6 2. c4 e6 3. Nc3 Bb4 4. e3 O-O 5. Bd3 d5 6. Nf3 dxc4 ({RR} 6... c5) ({RR} 6... b6) 7. Bxc4 c5 8. O-O cxd4 ({RR} 8... Bd7) 9. exd4 b6 10. Bg5 Bb7 11. Rc1 Nc6 ({RR} 11... Nbd7 12. Qe2 {RR} Qb8 13. Rfd1 ({RR} 13. Ne5 Nxe5 14. dxe5 Bxc3 15. Bxf6 gxf6 16. Rxc3 Qxe5 17. Re3 Qf4 18. Qh5 Be4) 13... Rc8 14. Bd3 Bd6 15. g3 a6 16. Bxf6 Nxf6 17. Ne4 Rxc1 18. Rxc1 Be7) 12. a3 ({RR} 12. Qd3 Rc8 13. Rfd1 Na5 14. Bb5 ({RR} 14. Ba6 Bxa6 15. Qxa6 Bxc3 16. bxc3 Nc4 17. Qxa7 Rc7 18. Qa6 Qd5) 14... h6 15. Bh4 Bxc3 16. bxc3 Qd5 17. c4 ({RR} 17. Bxf6 gxf6) 17... Qh5 18. Bxf6 gxf6 19. d5 exd5 20. c5 Nc4 ({RR} 20... bxc5 21. Qc3 d4 22. Qxa5 Bxf3 23. gxf3 Kh8)) 12... Be7 13. Ba2 ({RR} 13. Qd3 h6 14. Be3 ({RR} 14. Bh4 Nh5) 14... Bd6 15. Ba6 Bxa6 16. Qxa6 Ne7) 13... Rc8 14. Re1 ({RR} 14. Qd3 h6 15. Be3 ({RR} 15. Bh4 Nh5) 15... Bd6 16. Rfd1 Ne7 17. Ne5 Bxe5 18. dxe5 Qxd3 19. Rxd3 Nfd5) 14... h6 ({RR} 14... Nd5 15. Bd2 Nxc3 16. Bxc3 Bf6 17. d5 exd5 18. Bxd5) 15. Bh4 Nh5 16. Bg3 ({RR} 16. Bxe7 Nxe7 17. Ne5 Nf4) 16... Nxg3 17. hxg3 Bf6 18. d5 Bxc3 $146 ({RR} 18... exd5 19. Nxd5 ({RR} 19. Bxd5 Na5 ({RR} 19... Rc7 20. Re2 Rd7 21. Rd2 Nd4 22. Rxd4 Bxd4 23. Qxd4 Bxd5 24. Ne5 Be6 25. Nxd7 Qxd7 26. Qxd7 Bxd7) 20. Bxb7 Nxb7 21. Nd5 Rxc1 22. Nxf6+ Qxf6 23. Qxc1 Nc5) 19... Bxb2 ({RR} 19... Qd6 20. Nd2) 20. Rc2 Bxa3 ({RR} 20... Bf6 21. Rd2 Bg5 22. Nf4 Qf6 23. Nh5 Qg6 24. Nxg5 hxg5 25. Rd6 Qh7 26. Qg4) 21. Rd2 Bc5 22. Nc3 Qc7 ({RR} 22... Qf6 23. Ne4 Qg6 24. Nh4 Qh7 25. Nxc5 bxc5 26. Rd7 Ba8 27. Rxf7) 23. Rd7 Qb8 ({RR} 23... Qxg3 24. Ne4 Qb8 25. Qd3) 24. Ng5 ({RR} 24. Ne4 Be7 25. Nh4 Bxh4 26. Nd6) 24... Nd8 ({RR} 24... Ne5 25. Nxf7 ({RR} 25. Qh5 Nxd7 26. Bxf7+ Kh8 27. Qg6 Nf6 28. Ne6 Rxf7 29. Qxf7 Qxg3) ({RR} 25. Rxb7 Qxb7 26. Rxe5 hxg5) ({RR} 25. Rxe5 Qxe5 26. Nxf7 Bxf2+ 27. Kxf2 Rxc3) 25... Nxd7 26. Ne5+ Kh8 27. Ng6+ Kh7 28. Qd3 Bxf2+ 29. Kh1 Bxg2+ 30. Kxg2 Qxg3+ 31. Qxg3 Bxg3 32. Nxf8+ Nxf8) 25. Nge4 Rc7 ({RR} 25... Kh8 26. Nxc5 Rxc5 27. Ne4 Bxe4 28. Rxe4) 26. Qg4 ({RR} 26. Nf6+ gxf6 ({RR} 26... Kh8 27. Qd3 g6 ({RR} 27... gxf6 28. Bb1) 28. Bxf7 Rxd7 29. Qxg6 Bxf2+ 30. Kxf2 Rd2+ 31. Ne2) 27. Qg4+ Kh8 28. Qf5 Bxf2+ ({RR} 28... Ne6 29. Bb1 Ng5 30. Qxf6+ Kg8 31. Qxh6) 29. Kxf2 Rxc3 30. Qxf6+ Kh7 31. Qxc3) 26... Rxd7 27. Nf6+ ({RR} 27. Qxd7 Qe5) 27... Kh8 28. Qf5 ({RR} 28. Nxd7 Bc8 29. Bb1 Bxd7 30. Qxd7 Ne6) 28... g6 29. Qh3 ({RR} 29. Qxd7 Qxg3) 29... Bxf2+ 30. Kxf2 ({RR} 30. Kh1 Bxg2+ 31. Kxg2 Qxg3+ 32. Qxg3 Bxg3 33. Re3 Rd6 34. Nfe4 f5 35. Nxg3 f4 36. Rf3 Rd2+ 37. Nge2 Nc6) 30... Rd2+ 31. Ke3 Qe5+ 32. Nce4 ({RR} 32. Kxd2 Qxf6 33. Qxh6+ Kg8 34. Rh1 Qg7) 32... Qd4+ {0-1 (32) Flores,D (2614)-Shankland,S (2717) Montevideo 2018 CBM 185 [Quintiliano,Renato]}) 19. Rxc3 exd5 20. Bxd5 Rc7 21. Ree3 Re7 22. Red3 Qe8 23. b4 Ne5 24. Bxb7 Rxb7 25. Re3 Qd8 26. Qxd8 Nxf3+ 27. gxf3 Rxd8 28. f4 Kf8 29. Kg2 Re7 30. Kf3 g6 1/2-1/2

[Event "CHN-ch"]
[Site "Xinghua"]
[Date "2013.04.25"]
[Round "9"]
[White "Yu, Yangyi"]
[Black "Wei, Yi"]
[Result "1/2-1/2"]
[WhiteElo "2675"]
[BlackElo "2530"]
[PlyCount "195"]
[EventDate "2013.04.16"]
[EventType "tourn"]
[EventRounds "11"]
[EventCountry "CHN"]
[EventCategory "15"]
[SourceTitle "CBM 154"]
[Source "ChessBase"]
[SourceDate "2013.05.15"]
[SourceVersion "1"]
[SourceVersionDate "2013.05.15"]
[SourceQuality "1"]

1. c4 Nf6 2. Nc3 e6 3. d4 Bb4 4. a3 Bxc3+ 5. bxc3 c5 6. e3 Nc6 7. Bd3 e5 8. Ne2 e4 9. Bb1 b6 10. O-O Ba6 11. f3 exf3 12. Rxf3 Bxc4 13. Ng3 d5 $146 ({RR} 13... O-O 14. e4 Ne8 15. Nf5 Ne7 16. Ne3 d5 17. e5 f5 18. Nxc4 dxc4 19. Bg5 Qd7 20. Qe2 b5 21. Bxe7 Qxe7 22. Bxf5 Nc7 23. d5 Rxf5 24. Rxf5 Nxd5 25. Qe4 Nc7 26. Raf1 Re8 27. e6 Nxe6 28. Re5 {Anino,S (2132)-Cristobal,M (2253) Mar del Plata 2017 1-0 (32)}) ({RR} 13... O-O 14. e4 cxd4 15. cxd4 d5 16. e5 Ne4 17. Be3 f6 18. Nxe4 dxe4 19. Bxe4 Bd5 20. Bxd5+ Qxd5 21. exf6 Rxf6 22. Rxf6 gxf6 23. Qg4+ Kf7 24. Qf3 Qxf3 25. gxf3 Ke6 26. Kf2 Rg8 27. Rc1 Kd5 28. Rd1 {Sharavdorj,D (2375)-Munkhgal,G (2473) Ulaanbaatar 2020 0-1 (40)}) 14. e4 cxd4 15. Bg5 dxc3 16. Nh5 dxe4 17. Nxf6+ gxf6 18. Bxe4 Qd4+ 19. Re3 O-O-O 20. Qxd4 Nxd4 21. Bxf6 b5 22. Rae1 c2 23. Bxh8 Rxh8 24. Rc3 Kd7 25. Kf2 Kd6 26. Bxc2 Nxc2 27. Rxc2 Kc5 28. Re7 Kb6 29. Ke3 Rg8 30. Rd2 Rg6 31. Red7 Re6+ 32. Kd4 a6 33. Rxf7 Rh6 34. Rg7 Rxh2 35. Kc3 Rh6 36. Rgd7 Kc5 37. Kb2 Kc6 38. Rg7 Kb6 39. Rf2 Ka5 40. Ra7 Ka4 41. Re7 a5 42. Rd2 Rh5 43. Ra7 Rh4 44. Rf2 Rh5 45. Rc7 Rh4 46. Re7 Rh5 47. Rg7 Rh4 48. Rd2 Rh5 49. Re7 Rh4 50. Re3 Rg4 51. Rh3 Bf1 52. Rh2 Rg3 53. Rh4+ b4 54. axb4 Rxg2 55. Rxg2 Bxg2 56. Kc3 axb4+ 57. Rxb4+ Ka5 58. Rb2 Bf3 59. Kc4 Ka6 60. Rb3 Bd1 61. Rb1 Bf3 62. Kc5 h5 63. Rb3 Bg4 64. Rb1 Bf3 65. Rb2 Ka7 66. Rb6 Bg2 67. Rg6 Bf3 68. Rg3 Be4 69. Rh3 Bg6 70. Re3 Kb7 71. Re7+ Kc8 72. Kc6 h4 73. Re6 Bh5 74. Rh6 Bf3+ 75. Kd6 Kb7 76. Rxh4 Ka6 77. Rb4 Bg2 78. Kc5 Ka7 79. Rb6 Bb7 80. Rb3 Be4 81. Rb6 Bb7 82. Rb4 Bf3 83. Rf4 Bg2 84. Rf6 Kb7 85. Rb6+ Ka7 86. Kb5 Bf3 87. Ka5 Be4 88. Rb4 Bc6 89. Rb6 Be4 90. Re6 Bf3 91. Re3 Bd5 92. Re5 Bf3 93. Rf5 Be4 94. Rf4 Bd5 95. Rd4 Bc6 96. Rb4 Bd5 97. Rb2 Bc6 98. Rb6 1/2-1/2

[Event "CHN-ch"]
[Site "Xinghua"]
[Date "2016.04.20"]
[Round "4"]
[White "Zhou, Jianchao"]
[Black "Wei, Yi"]
[Result "1/2-1/2"]
[WhiteElo "2612"]
[BlackElo "2700"]
[PlyCount "60"]
[EventDate "2016.04.17"]
[EventType "tourn"]
[EventRounds "11"]
[EventCountry "CHN"]
[EventCategory "14"]
[SourceTitle "CBM 172"]
[Source "ChessBase"]
[SourceDate "2016.05.12"]
[SourceVersion "1"]
[SourceVersionDate "2016.05.12"]
[SourceQuality "1"]

1. d4 Nf6 2. c4 e6 3. Nc3 Bb4 4. Qb3 c5 5. dxc5 Nc6 6. Bg5 h6 7. Bxf6 Qxf6 8. Rc1 ({RR} 8. Nf3 Bxc5 9. e3 b6 10. Bd3 Bb7 11. Ne4 Bb4+ 12. Ke2 Qe7 13. a3 Bc5 14. Nxc5 Qxc5 15. Qc3 O-O 16. Rhd1 a5 17. Kf1 Rfd8 18. Be2 Ne7 19. Rac1 d5 20. cxd5 Qxc3 21. Rxc3 Nxd5 22. Rcc1 Rac8 {Zhou,J (2620)-Bu,X (2723) Wuxi 2016 ½-½ (31)}) 8... Bxc5 9. e3 b6 10. Nf3 Ne5 $146 ({RR} 10... Qg6 11. Qc2 f5 12. g3 Bb7 13. Bg2 O-O 14. O-O Qg4 15. b3 Rad8 16. Rcd1 Ba8 17. Qe2 Bb4 18. Nb5 a6 19. Nbd4 Nxd4 20. Rxd4 Qh5 21. Qd1 Bc5 22. Ne5 Qxd1 23. Rdxd1 d6 24. Nd3 {½-½ (24) Kosyrev,V (2522)-Mastrovasilis,A (2475) Moscow 2004}) 11. Be2 Bb7 12. Qd1 Nxf3+ 13. Bxf3 Bxf3 14. Qxf3 Qxf3 15. gxf3 Bb4 16. Ke2 Bxc3 17. Rxc3 Rc8 18. Rhc1 d6 19. b4 Ke7 20. c5 bxc5 21. bxc5 dxc5 22. Rxc5 Rxc5 23. Rxc5 Rd8 24. Ra5 Rd7 25. Ra6 g5 26. h3 Kf6 27. f4 gxf4 28. exf4 Rc7 29. Kf3 Kg6 30. Ra5 Rc3+ 1/2-1/2